La Biblia de la Física y Química

Saved in:
Bibliografiske detaljer
Format: Bog
Sprog:spansk
Udgivet: Barcelona Lexus 2010
Fag:
Tags: Tilføj Tag
Ingen Tags, Vær først til at tagge denne postø!

MARC

LEADER 00000cam a2200000 a 4500
001 UCG9509
003 CL-VaPUC
008 120316e20100000SP |||||||||||||||||spa|d
020 |a 9972625648 
082 0 4 |a 541.3  |b BIB  |2 21 
245 1 3 |a La Biblia de la Física y Química 
300 |a 1002 p 
942 |c BK 
945 |d 20120316 00:00:00  |a dcastane 
260 |a Barcelona  |b Lexus  |c 2010 
650 0 |a Química  |9 259896 
650 0 |a Física   |9 227844 
650 0 |a Ciencias naturales  |9 260542 
650 0 |a Biomoléculas   |9 263074 
650 0 |a Electromagnetismo   |9 260123 
650 0 |a Átomos  |9 259583 
583 |a last modification  |c 20120322 10:27:18  |k Rodrigo Vera 
999 |c 347057  |d 347055